The selections and use of essential medicines: report of the WHO Expert Committee, 2005 (Record no. 32684)

MARC details
000 -LEADER
fixed length control field 00767nam a2200181 a 4500
008 - FIXED-LENGTH DATA ELEMENTS--GENERAL INFORMATION
fixed length control field 120620s2005 ||||||||||||||||| || u
020 ## - INTERNATIONAL STANDARD BOOK NUMBER
International Standard Book Number 9789241209335
050 ## - LIBRARY OF CONGRESS CALL NUMBER
Classification number RS 189 Wor
110 ## - MAIN ENTRY--CORPORATE NAME
Corporate name or jurisdiction name as entry element World Health Organization (WHO)
245 14 - TITLE STATEMENT
Title The selections and use of essential medicines: report of the WHO Expert Committee, 2005
260 ## - PUBLICATION, DISTRIBUTION, ETC.
Place of publication, distribution, etc. Geneva:
Name of publisher, distributor, etc. WHO
Date of publication, distribution, etc. 2005
300 ## - PHYSICAL DESCRIPTION
Extent vii, 119p.: iil.
500 ## - GENERAL NOTE
General note Blue Trunk Library Collection (WHO).
650 ## - SUBJECT ADDED ENTRY--TOPICAL TERM
Topical term or geographic name entry element DRUGS--FORMULAE, RECEIPTS, PRESCRIPTIONS
650 ## - SUBJECT ADDED ENTRY--TOPICAL TERM
Topical term or geographic name entry element DRUGS UTILIZATION--STANDARDS
650 ## - SUBJECT ADDED ENTRY--TOPICAL TERM
Topical term or geographic name entry element DRUGS--STANDARDS
995 ## -
-- MEDICAL LIBRARY OPEN ACCESS
-- 743062
-- CBU-SCHOOL OF MEDICINE LIBRARY (Ndola)
-- BTL RS 189 Wor (BOX 180)
-- 1
-- AVAILABLE
-- Jul 26, 2012
-- 743062
-- Medical Library Open Access Collection
999 ## -
-- 32684
-- 32684
Holdings
Withdrawn status Lost status Source of classification or shelving scheme Damaged status Not for loan Permanent Location Current Location Shelving location Date acquired Total Checkouts Full call number Barcode Date last seen Price effective from Koha item type
          CBU-SCHOOL OF MEDICINE LIBRARY, NDOLA. CBU-SCHOOL OF MEDICINE LIBRARY, NDOLA.   11/30/2022   RS 189 Wor 743062 11/30/2022 11/30/2022 MONOGRAPH